<?xml version="1.0" encoding="UTF-8"?>
<record
    xmlns:xsi="http://www.w3.org/2001/XMLSchema-instance"
    xsi:schemaLocation="http://www.loc.gov/MARC21/slim http://www.loc.gov/standards/marcxml/schema/MARC21slim.xsd"
    xmlns="http://www.loc.gov/MARC21/slim">

  <leader>00675nam a22001577a 4500</leader>
  <controlfield tag="003">OSt</controlfield>
  <controlfield tag="005">20161021134352.0</controlfield>
  <controlfield tag="008">161021b        xxu||||| |||| 00| 0 eng d</controlfield>
  <datafield tag="040" ind1=" " ind2=" ">
    <subfield code="c">RUA</subfield>
  </datafield>
  <datafield tag="082" ind1=" " ind2=" ">
    <subfield code="a">AGR HOE 2015 B475 Or.1</subfield>
  </datafield>
  <datafield tag="100" ind1=" " ind2=" ">
    <subfield code="9">10811</subfield>
    <subfield code="a">HOEUY TOENG; &#x17A0;&#x17BF;&#x1799; &#x1791;&#x17B9;&#x1784;</subfield>
  </datafield>
  <datafield tag="245" ind1=" " ind2=" ">
    <subfield code="a">Comparison of celery cabbage varieties ( Brassica chinensis L) at kbal koh vegetable research station; &#x1780;&#x17B6;&#x179A;&#x1794;&#x17D2;&#x179A;&#x17C0;&#x1794;&#x1792;&#x17C0;&#x1794;&#x1796;&#x17BC;&#x1787;&#x178A;&#x17C6;&#x178E;&#x17B6;&#x17C6;&#x179F;&#x17D2;&#x1796;&#x17C3;&#x1785;&#x1784;&#x17D2;&#x1780;&#x17B9;&#x17C7;&#x1793;&#x17C5;&#x179F;&#x17D2;&#x1790;&#x17B6;&#x1793;&#x17B8;&#x1799;&#x17CD;&#x1796;&#x17B7;&#x179F;&#x17C4;&#x1792;&#x1793;&#x17CD;&#x1796;&#x17BC;&#x1787;&#x1794;&#x1793;&#x17D2;&#x179B;&#x17C3;&#x1780;&#x17D2;&#x1794;&#x17B6;&#x179B;&#x1780;&#x17C4;&#x17C7;</subfield>
  </datafield>
  <datafield tag="260" ind1=" " ind2=" ">
    <subfield code="a">Phnom Penh</subfield>
    <subfield code="b">RUA</subfield>
    <subfield code="c">2015</subfield>
  </datafield>
  <datafield tag="300" ind1=" " ind2=" ">
    <subfield code="a">xi; 45p;</subfield>
    <subfield code="b">ill;</subfield>
    <subfield code="c">29cm;</subfield>
  </datafield>
  <datafield tag="942" ind1=" " ind2=" ">
    <subfield code="2">ddc</subfield>
    <subfield code="c">AGR</subfield>
  </datafield>
  <datafield tag="999" ind1=" " ind2=" ">
    <subfield code="c">10404</subfield>
    <subfield code="d">10404</subfield>
  </datafield>
  <datafield tag="952" ind1=" " ind2=" ">
    <subfield code="0">0</subfield>
    <subfield code="1">0</subfield>
    <subfield code="2">ddc</subfield>
    <subfield code="4">0</subfield>
    <subfield code="6">AGR_HOE_2015_000000000000000_B475_OR_1</subfield>
    <subfield code="7">0</subfield>
    <subfield code="9">53368</subfield>
    <subfield code="a">LBB</subfield>
    <subfield code="b">LBB</subfield>
    <subfield code="c">B475</subfield>
    <subfield code="d">2016-10-21</subfield>
    <subfield code="l">3</subfield>
    <subfield code="o">AGR HOE 2015 B475 Or.1</subfield>
    <subfield code="p">A02177</subfield>
    <subfield code="r">2017-09-25</subfield>
    <subfield code="s">2017-08-03</subfield>
    <subfield code="w">2016-10-21</subfield>
    <subfield code="y">AGR</subfield>
  </datafield>
  <datafield tag="952" ind1=" " ind2=" ">
    <subfield code="0">0</subfield>
    <subfield code="1">0</subfield>
    <subfield code="2">ddc</subfield>
    <subfield code="4">0</subfield>
    <subfield code="6">AGR_HOE_2015_000000000000000_B475_OR_2</subfield>
    <subfield code="7">0</subfield>
    <subfield code="9">53369</subfield>
    <subfield code="a">LBB</subfield>
    <subfield code="b">LBB</subfield>
    <subfield code="c">B475</subfield>
    <subfield code="d">2016-10-21</subfield>
    <subfield code="l">1</subfield>
    <subfield code="o">AGR HOE 2015 B475 Or.2</subfield>
    <subfield code="p">A02742</subfield>
    <subfield code="r">2019-11-27</subfield>
    <subfield code="s">2019-11-18</subfield>
    <subfield code="w">2016-10-21</subfield>
    <subfield code="y">AGR</subfield>
  </datafield>
  <datafield tag="952" ind1=" " ind2=" ">
    <subfield code="0">0</subfield>
    <subfield code="1">0</subfield>
    <subfield code="2">ddc</subfield>
    <subfield code="4">0</subfield>
    <subfield code="6">AGR_HOE_2015_000000000000000_B475_OR_3</subfield>
    <subfield code="7">0</subfield>
    <subfield code="9">53370</subfield>
    <subfield code="a">LBB</subfield>
    <subfield code="b">LBB</subfield>
    <subfield code="c">B475</subfield>
    <subfield code="d">2016-10-21</subfield>
    <subfield code="l">2</subfield>
    <subfield code="o">AGR HOE 2015 B475 Or.3</subfield>
    <subfield code="p">A02190</subfield>
    <subfield code="r">2020-06-29</subfield>
    <subfield code="s">2020-06-26</subfield>
    <subfield code="w">2016-10-21</subfield>
    <subfield code="y">AGR</subfield>
  </datafield>
  <datafield tag="952" ind1=" " ind2=" ">
    <subfield code="0">0</subfield>
    <subfield code="1">0</subfield>
    <subfield code="2">ddc</subfield>
    <subfield code="4">0</subfield>
    <subfield code="6">AGR_HOE_2015_000000000000000_B475_OR_4</subfield>
    <subfield code="7">0</subfield>
    <subfield code="9">53371</subfield>
    <subfield code="a">LBB</subfield>
    <subfield code="b">LBB</subfield>
    <subfield code="c">B475</subfield>
    <subfield code="d">2016-10-21</subfield>
    <subfield code="o">AGR HOE 2015 B475 Or.4</subfield>
    <subfield code="p">A02092</subfield>
    <subfield code="r">2016-10-21</subfield>
    <subfield code="w">2016-10-21</subfield>
    <subfield code="y">AGR</subfield>
  </datafield>
  <datafield tag="952" ind1=" " ind2=" ">
    <subfield code="0">0</subfield>
    <subfield code="1">0</subfield>
    <subfield code="2">ddc</subfield>
    <subfield code="4">0</subfield>
    <subfield code="6">AGR_HOE_2015_000000000000000_B475_OR_5</subfield>
    <subfield code="7">0</subfield>
    <subfield code="9">53372</subfield>
    <subfield code="a">LBB</subfield>
    <subfield code="b">LBB</subfield>
    <subfield code="c">B475</subfield>
    <subfield code="d">2016-10-21</subfield>
    <subfield code="l">2</subfield>
    <subfield code="m">1</subfield>
    <subfield code="o">AGR HOE 2015 B475 Or.5</subfield>
    <subfield code="p">A02242</subfield>
    <subfield code="r">2019-03-04</subfield>
    <subfield code="s">2019-01-22</subfield>
    <subfield code="w">2016-10-21</subfield>
    <subfield code="y">AGR</subfield>
  </datafield>
  <datafield tag="952" ind1=" " ind2=" ">
    <subfield code="0">0</subfield>
    <subfield code="1">0</subfield>
    <subfield code="2">ddc</subfield>
    <subfield code="4">0</subfield>
    <subfield code="6">AGR_HOE_2015_000000000000000_B475_OR_6</subfield>
    <subfield code="7">0</subfield>
    <subfield code="9">53373</subfield>
    <subfield code="a">LBB</subfield>
    <subfield code="b">LBB</subfield>
    <subfield code="c">B475</subfield>
    <subfield code="d">2016-10-21</subfield>
    <subfield code="l">6</subfield>
    <subfield code="o">AGR HOE 2015 B475 Or.6</subfield>
    <subfield code="p">A01747</subfield>
    <subfield code="r">2019-08-06</subfield>
    <subfield code="s">2019-08-02</subfield>
    <subfield code="w">2016-10-21</subfield>
    <subfield code="y">AGR</subfield>
  </datafield>
  <datafield tag="952" ind1=" " ind2=" ">
    <subfield code="0">0</subfield>
    <subfield code="1">0</subfield>
    <subfield code="2">ddc</subfield>
    <subfield code="4">0</subfield>
    <subfield code="6">AGR_HOE_2015_000000000000000_B475_OR_7</subfield>
    <subfield code="7">0</subfield>
    <subfield code="9">53374</subfield>
    <subfield code="a">LBB</subfield>
    <subfield code="b">LBB</subfield>
    <subfield code="c">B475</subfield>
    <subfield code="d">2016-10-21</subfield>
    <subfield code="l">1</subfield>
    <subfield code="o">AGR HOE 2015 B475 Or.7</subfield>
    <subfield code="p">A02707</subfield>
    <subfield code="r">2020-03-09</subfield>
    <subfield code="s">2020-02-24</subfield>
    <subfield code="w">2016-10-21</subfield>
    <subfield code="y">AGR</subfield>
  </datafield>
  <datafield tag="952" ind1=" " ind2=" ">
    <subfield code="0">0</subfield>
    <subfield code="1">0</subfield>
    <subfield code="2">ddc</subfield>
    <subfield code="4">0</subfield>
    <subfield code="6">AGR_HOE_2015_000000000000000_B475_OR_8</subfield>
    <subfield code="7">0</subfield>
    <subfield code="9">53375</subfield>
    <subfield code="a">LBB</subfield>
    <subfield code="b">LBB</subfield>
    <subfield code="c">B475</subfield>
    <subfield code="d">2016-10-21</subfield>
    <subfield code="l">2</subfield>
    <subfield code="o">AGR HOE 2015 B475 Or.8</subfield>
    <subfield code="p">A01662</subfield>
    <subfield code="r">2018-12-04</subfield>
    <subfield code="s">2018-11-20</subfield>
    <subfield code="w">2016-10-21</subfield>
    <subfield code="y">AGR</subfield>
  </datafield>
  <datafield tag="952" ind1=" " ind2=" ">
    <subfield code="0">0</subfield>
    <subfield code="1">0</subfield>
    <subfield code="2">ddc</subfield>
    <subfield code="4">0</subfield>
    <subfield code="6">AGR_HOE_2015_000000000000000_B691_OR_1</subfield>
    <subfield code="7">0</subfield>
    <subfield code="9">86912</subfield>
    <subfield code="a">LBB</subfield>
    <subfield code="b">LBB</subfield>
    <subfield code="c">B691</subfield>
    <subfield code="d">2021-09-28</subfield>
    <subfield code="o">AGR HOE 2015 B691 Or.1</subfield>
    <subfield code="p">A065924</subfield>
    <subfield code="r">2021-09-28</subfield>
    <subfield code="w">2021-09-28</subfield>
    <subfield code="y">AGR</subfield>
  </datafield>
  <datafield tag="952" ind1=" " ind2=" ">
    <subfield code="0">0</subfield>
    <subfield code="1">0</subfield>
    <subfield code="2">ddc</subfield>
    <subfield code="4">0</subfield>
    <subfield code="6">AGR_HOE_2015_000000000000000_B043_OR_1</subfield>
    <subfield code="7">0</subfield>
    <subfield code="9">88385</subfield>
    <subfield code="a">LBB</subfield>
    <subfield code="b">LBB</subfield>
    <subfield code="c">B043</subfield>
    <subfield code="d">2021-12-17</subfield>
    <subfield code="o">AGR HOE 2015 B043 Or.1</subfield>
    <subfield code="p">a066278</subfield>
    <subfield code="r">2021-12-17</subfield>
    <subfield code="w">2021-12-17</subfield>
    <subfield code="y">AGR</subfield>
  </datafield>
</record>
